Statistics for Top 10 San Antonio Spurs NBA Starters

Click here to take the quiz!

General Stats

  • This quiz has been taken 244 times
  • The average score is 11 of 23

Answer Stats

TeamPlayer% Correct
1998-99, 2000-01, 2002-03, 2004-05, 2006-07, 2011-12, 2012-13, 2013-14Tim Duncan
100%
2002-03, 2004-05, 2006-07, 2011-12, 2012-13, 2013-14, 2016-17Tony Parker
100%
1994-95, 1998-99, 2000-01, 2002-03David Robinson
96%
2011-12, 2012-13, 2013-14, 2016-17Kawhi Leonard
95%
2004-05Manu Ginóbili
94%
2011-12, 2012-13, 2013-14, 2016-17Danny Green
73%
2002-03, 2004-05, 2006-07Bruce Bowen
63%
2016-17LaMarcus Aldridge
62%
1994-95, 1998-99Avery Johnson
61%
2012-13, 2013-14Tiago Splitter
57%
1994-95, 1998-99Sean Elliott
47%
2002-03Stephen Jackson
40%
2006-07Michael Finley
29%
1994-95Dennis Rodman
28%
2016-17Pau Gasol
28%
1998-99Mario Elie
27%
2006-07Fabricio Oberto
25%
1994-95Vinny Del Negro
21%
2000-01Derek Anderson
14%
2000-01Terry Porter
13%
2004-05Rasho Nesterović
10%
2011-12DeJuan Blair
6%
2000-01Danny Ferry
4%

Score Distribution

Percentile by Number Answered

Percent of People with Each Score

Your Score History

You have not taken this quiz